000
00310nam a2200145Ia 4500
100
_a
Wyatt/Allen & others
942
_c
BK
654
_a
MS-DOS 6.2
245
_a
Using MS-DOS 6.2
260
_b
Prentice -Hall
_a
New Delhi
_c
1996
082
_a
5.43
_b
WYA
300
_a
1115
546
_a
ENGLISH
999
_c
21073
_d
21073